LEADER 03807nam 2200517 450 001 9910453453203321 005 20170816155231.0 010 $a1-4462-7146-3 035 $a(CKB)2550000001211644 035 $a(StDuBDS)AH24267107 035 $a(SSID)ssj0001199485 035 $a(PQKBManifestationID)12554519 035 $a(PQKBTitleCode)TC0001199485 035 $a(PQKBWorkID)11203184 035 $a(PQKB)10962629 035 $a(MiAaPQ)EBC1110139 035 $a(EXLCZ)992550000001211644 100 $a20140529h20132013 uy 0 101 0 $aeng 135 $aur||||||||||| 181 $ctxt 182 $cc 183 $acr 200 10$aCaring for older people $ea shared approach /$fChristine Brown Wilson 210 1$aLondon, [England] ;$aThousand Oaks, California :$cSAGE Publications,$d2013. 210 4$dİ2013 215 $a1 online resource (xiv, 151 pages) 300 $aBibliographic Level Mode of Issuance: Monograph 311 $a1-4462-4096-7 320 $aIncludes bibliographical references and index. 327 $aPART ONE: INTRODUCTION Defining the Continuum of Care for Older People Focusing on the Task Focusing on the Person Focusing on Relationships Consequences of Care: Integrating the Perspective of Older People and Families into the Quality Debate PART TWO: INTRODUCTION Using Biography to Plan Care That Matters to Older People: Practical Strategies Understanding Interactions between the Person and the Environment Understanding How Older People Maintain Connections with Those around Them Managing Transitions Using a Biological Approach Valuing the Contribution of Older People, Families and Staff: Implications for Practice References 330 8 $aThis timely and practical book addresses a core topic in adult nursing where there are few textbooks available. Chapters include practice scenarios, case studies and activities to equip students with the skills they need to challenge poor practice and implement strategies to improve the care of older people.$bCaring for Older People is a timely and welcome addition to the nursing and health-care literature. The book introduces and describes collaborative ways of working with older people, ensuring that students and practitioners are better equipped to provide consistently high-quality care that can make a positive difference to the lives of older people and their families. Providing an accessible, evidence-based framework and a wealth of practical strategies which can be implemented on a daily basis, Christine Brown Wilson takes the reader step by step through different approaches to nursing care and shows clearly how that care can move from being a task-focused to a person-focused experience. Case-based scenarios threaded throughout the book also illustrate how the quality of care can be enhanced, and how students and practitioners can work effectively with older people while balancing the competing demands of the health and social care system. The author also shows how nurses can influence current practice, equipping the reader with key skills that can be used to challenge poor ways of working and to identify methods through which inadequate provision can be turned around. This book will be indispensable reading for all nursing and healthcare students and practitioners who want to improve the quality of life for older people. 606 $aGeriatric nursing 606 $aEvidence-based nursing 608 $aElectronic books. 615 0$aGeriatric nursing. 615 0$aEvidence-based nursing. 676 $a618.970231 700 $aBrown Wilson$b Christine.$0964996 801 0$bMiAaPQ 801 1$bMiAaPQ 801 2$bMiAaPQ 906 $aBOOK 912 $a9910453453203321 996 $aCaring for older people$92286663 997 $aUNINA LEADER 00895nas 2200301 a 450 001 996206880603316 005 20231101154105.0 011 $a1460-6976 035 $a(OCoLC)39084544 035 $a(CKB)954925254116 035 $a(CONSER) 00238776 035 $a(DE-599)ZDB1496584-7 035 $a(EXLCZ)99954925254116 100 $a19980507a19529999 sy 101 0 $aeng 135 $aur|||||||| 200 10$aAdvances in physics$b[electronic resource] 210 $a[London $cTaylor & Francis]$d1952- 300 $aRefereed/Peer-reviewed 311 $a0001-8732 330 8 $a"Condensed matter physics, general physics, physical sciences, materials science, matter & solid state physics." 606 $aPhysics$vPeriodicals 615 0$aPhysics 676 $a530.5 906 $aJOURNAL 912 $a996206880603316 996 $aAdvances in physics$9802455 997 $aUNISA LEADER 04473nam 2200661Ia 450 001 9910962336303321 005 20251116181429.0 010 $a1-61761-752-0 035 $a(CKB)2550000001040618 035 $a(EBL)3017755 035 $a(SSID)ssj0000826948 035 $a(PQKBManifestationID)12337587 035 $a(PQKBTitleCode)TC0000826948 035 $a(PQKBWorkID)10819920 035 $a(PQKB)10802694 035 $a(MiAaPQ)EBC3017755 035 $a(Au-PeEL)EBL3017755 035 $a(CaPaEBR)ebr10654726 035 $a(OCoLC)923653569 035 $a(BIP)28674028 035 $a(EXLCZ)992550000001040618 100 $a20091216d2010 uy 0 101 0 $aeng 135 $aur|n|---||||| 181 $ctxt 182 $cc 183 $acr 200 10$aBioencapsulation in silica-based nanoporous sol-gel glasses /$fBouzid Menaa, Farid Menaa and Olga Sharts 205 $a1st ed. 210 $aNew York $cNova Science Publishers$dc2010 215 $a1 online resource (84 p.) 225 1 $aNanotechnology science and technology 300 $aDescription based upon print version of record. 311 08$a1-60876-989-5 320 $aIncludes bibliographical references (p. [51]-66) and index. 327 $a""BIOENCAPSULATION IN SILICA-BASED NANOPOROUS SOL-GEL GLASSES ""; ""BIOENCAPSULATION IN SILICA-BASED NANOPOROUS SOL-GEL GLASSES ""; ""CONTENTS""; ""PREFACE""; ""ABSTRACT ""; ""1. INTRODUCTION""; ""2. BIOENCAPSULATION VIA SOL-GEL PROCESS IN SILICA-BASED MATERIALS: METHOD, MATERIALS, BIOAPPLICATIONS, AND CHARACTERIZATION TECHNIQUES ""; ""2.1. Protein Bioencapsulation via Sol-Gel Process""; ""2.2. Materials and Bioapplications""; ""2.3. Probing the Silica-Protein Interactions and Protein-Folding""; ""2.3.1. Characterization of the Silica Host Matrix"" 327 $a""2.3.2. Characterizing the Protein Folding in Nanoporous Sol-Gel Glasses """"3. PARAMETERS INFLUENCING THE PROTEIN CONFORMATION IN NANOPOROUS SILICA-BASED SOL-GEL GLASSES ""; ""3.1. INTRODUCTION TO THERMODYNAMICSa??? DRIVING FORCES AND INTERACTIONS INFLUENCING THE PROTEIN FOLDING IN SILICA-BASED NANOPOROUS MATERIALS""; ""3.2. The Surface Hydration and Hydrophobicity Influence the Protein Folding in Nanoporous Sol-Gel Glasses ""; ""3.2.1. Hydrophobic Effects on Protein Conformation Induced by Silica Glass Surface Modification with Hydrophobic Organosilanes Precursors "" 327 $a""3.2.2. Hydrophobic Effects Induced by the Decrease of siloxane a???[O-Si-O]- Network Dimension by Glass Surface Modification with Multiple Hydrophobic Alkyl Groups Attached at the Silicon of Organosilane Precursors""""3.2.3. Solute Effects and Hofmeister Ions Effects""; ""3.3. STERIC EFFECTS INDUCED BY THE CHOICE OF CROWDED SILANE MODIFIERS IN TMOS- DERIVED SOL-GEL GLASSES THE HOST MATRIX ""; ""3.4. INFLUENCE OF THE PORE SIZE, PORE SHAPE AND SURFACE AREA OF THE SILICA-BASED HOST MATRIX ON PROTEIN FOLDING ""; ""3.5. THERMAL STABILITY OF PROTEINS CONFINED IN THE POROUS HOST MATRIX "" 327 $a""4. ENHANCING THE PROTEIN FOLDING BY INTRODUCING AND ASSOCIATING HYDROPHOBIC AND STERIC EFFECTS IN MODIFIED SILICA-BASED POROUS GLASSES """"4.1. INCORPORATING FLUORO-BASED ORGANOSILANES IN TO FORM SUPERHYDROPHOBIC CROWDED ORGANICALLY MODIFIED SILICA BASED HOST MATRICES""; ""4.2. INCORPORATING PHOSPHONATE GROUPS IN HYDROPHOBIC SILICA NETWORK ""; ""5. EMERGING TECHNIQUES FOR A BETTER UNDERSTANDING OF PROTEIN INTERACTIONS AND CONFORMATIONS IN NANOPOROUS SOL-GEL GLASSES ""; ""5.1. IN-SITU MAS NMR""; ""5.2. FLUORO-RAMAN SPECTROSCOPY""; ""CONCLUSION ""; ""REFERENCES""; ""INDEX "" 330 $aIn this text, the authors report the recent results on the influence of different parameters on the protein conformation based on the design and the characterization of nanoporous silica-based materials containing different functional groups. 410 0$aNanotechnology science and technology series. 606 $aBiocolloids 606 $aProtein folding 606 $aSilica gel 615 0$aBiocolloids. 615 0$aProtein folding. 615 0$aSilica gel. 676 $a612/.01575 700 $aMenaa$b Bouzid$01864024 701 $aMenaa$b Farid$01864025 701 $aSharts$b Olga$01864026 801 0$bMiAaPQ 801 1$bMiAaPQ 801 2$bMiAaPQ 906 $aBOOK 912 $a9910962336303321 996 $aBioencapsulation in silica-based nanoporous sol-gel glasses$94470728 997 $aUNINA